| 000 | 00650nam a2200169 a 4500 | ||
|---|---|---|---|
| 008 | 170116s2014 ||||||||||||||||| || u | ||
| 020 | _a9781446257432 | ||
| 050 | _aHD 30.4 Cri | ||
| 100 | _aHuzzard, Tony | ||
| 245 | 1 | 0 |
_aCritical management research: reflections from the field _cEdited By Emma Jeanes and Tony Huzzard |
| 260 |
_aLos Angeles _bSAGE Publications _c2014 |
||
| 300 | _aix, 246p. | ||
| 650 | 0 | _a MANAGEMENT--RESEARCH | |
| 650 | 0 | _aCRITICAL THINKING | |
| 700 | _aJeanes, Emma | ||
| 995 |
_FCBU-MAIN LIBRARY (Kitwe) _M1 _UAVAILABLE _WJan 26, 2017 _ZMain Library Open Access Collection |
||
| 999 |
_c39216 _d39216 |
||